000 01505nam a22002657a 4500
999 _c57264
_d57264
003 Ge_BSU
005 20200214105319.0
008 200130s2006 ge ||||| |||| 00| 0 geo d
020 _a9992887761
041 _ageo
080 _a615.2 შ-88
100 _aშტაინერი, რუდოლფ
_93841
245 _aსამკურნალო პედაგოგიური კურსი :
_bექიმებისა და მკურნალი პედაგოგებისთვის : 12 ლექცია წაკითხული დორნახში 1924 წლის 25 ივნისიდან 7 ივლისამდე /
_cრუდოლფ შტაინერი ; [გერმ. თარგმნა მარინა ბულიამ].
264 _aთბ;
_bაწმყო ,
_c2006 .
300 _a221, IXგვ. :
_bფოტ., ნახ. ;
_c22 სმ..
490 _aსოციალური თერაპიის სახლი
653 _a ბავშვთა ფსიქიატრია
653 _aფსიქოლოგიური გამოკვლევები
653 _a ანთროპოსოფია
653 _aჰიდროცეფალია
653 _aანემია ბავშვთა ასაკში
653 _aკლეპტომანია
700 _aბულია, მარინა
_eმთარგმნელი
_96513
942 _2udc
_cBK